Loading...
| Science - Chemistry | 2 | 4 | 2 | 1 | 60 | 50 | 89.33 | 2 | 6 | 0.00 | 0.00 |
| Science - Physics | 0 | 6 | 0 | 2 | 60 | 95 | 117.33 | 1 | 6 | 0.00 | 0.00 |
| Fine Arts - Classical Music | 3 | 1 | 1 | 0 | 50 | 16 | 47.00 | 4 | 4 | 0.00 | 0.00 |
| Social Science | 0 | 3 | 0 | 1 | 30 | 104 | 126.00 | 2 | 3 | 0.00 | 0.00 |
| History - Other | 1 | 0 | 0 | 1 | 15 | 56 | 56.00 | 0 | 1 | 0.00 | 0.00 |
| Other Academic | 0 | 1 | 0 | 0 | 10 | 135 | 135.00 | 0 | 1 | 0.00 | 0.00 |
| Science - Biology | 0 | 1 | 0 | 1 | 10 | 145 | 145.00 | 0 | 1 | 0.00 | 0.00 |
| Science - Other | 0 | 1 | 0 | 0 | 10 | 127 | 127.00 | 1 | 1 | 0.00 | 0.00 |
| History - American | 0 | 1 | 0 | 1 | 10 | 141 | 141.00 | 0 | 1 | 0.00 | 0.00 |
| Fine Arts - Other | 0 | 0 | 1 | 0 | -5 | 0.00 | 0 | 0 | 0.00 | 0.00 |